000 00286nam a2200109Ia 4500
008 190914s9999||||xx |||||||||||||| ||und||
100 _aFabozzi, Modigliani
245 0 _aFoundations of Financial Markets And Institutions
260 _aIndia
_bDorling
_c2008
300 _a652
942 _cBK
999 _c9982
_d9982